Statistics for Game of Thrones: Houses of the Vale

Click here to take the quiz!

General Stats

  • This quiz has been taken 8 times
  • The average score is 18 of 40

Answer Stats

Answer% Correct
Arryn of Gulltown
100%
Arryn of the Eyrie
100%
Royce of Runestone
86%
Royce of the Gates of the Moon
86%
Corbray
71%
Grafton
71%
Hunter
71%
Baelish
57%
Belmore
57%
Coldwater
57%
Hersy
57%
Redfort
57%
Waynwood
57%
Borrell
43%
Egen
43%
Elesham
43%
Hardyng
43%
Longthorpe
43%
Lynderly
43%
Melcolm
43%
Pryor
43%
Shett of Gull Tower
43%
Shett of Gulltown
43%
Tollett
43%
Waxley
43%
Crayne
29%
Donniger
29%
Dutton
29%
Lipps
29%
Moore
29%
Ruthermont
29%
Templeton
29%
Torrent
29%
Upcliff
29%
Woodhull
29%
Wydman
29%
Breakstone
14%
Brightstone
14%
Shell
14%
Donnerly
0%

Score Distribution

Percentile by Number Answered

Percent of People with Each Score

Your Score History

You have not taken this quiz